| 000 | 00443nam a2200157Ia 4500 | ||
|---|---|---|---|
| 008 | 230917s9999||||xx |||||||||||||| ||und|| | ||
| 040 |
_e211502 _aMAIN |
||
| 041 | _aEnglish | ||
| 082 | _a647.94 R186H | ||
| 100 | _aRastogi, A P | ||
| 245 | 0 | _aHotel organisation and the front office management | |
| 260 |
_aNew Delhi _bAman Publications _c2020 |
||
| 300 | _a293 p. | ||
| 500 | _a4501 25/01/2022 IF22/1070 27/01/2022 IHTM (SFS) | ||
| 942 | _cBK | ||
| 999 |
_c34653 _d34653 |
||